000 00783nam a2200217 a 4500
003 0
005 20250213143708.0
008 111115s19uu xx 00 eng d
050 _aPGS S 593.3
_b.C652 2011
100 _aCoates, Rowan M.
245 _aEffect of inorganic soil and organic soil on the growth of Lycopersicon esculentum /
_cRowan M. Coates.
260 _aLas PiƱas City, Philippines :
_bSouthville International School and Colleges,
_c2011.
300 _a18 pages :
_billustrations ;
_c28 cm.
504 _aIncludes bibliographical references.
650 _aTomatoes
_vGrowth.
650 _aTomatoes
_vSoil requirements.
650 _aInorganic fertilizers.
650 _aOrganic soil amendments.
650 _aPlant growth
_vSoil factors.
942 _2lcc
_cPASS
999 _c98702
_d98702